Equipe de France à la Coupe du Monde 2022 - Statistiques

Statistiques générales
  • Ce quiz a été pris 333 fois
  • Le résultat moyen est 20 sur 25
Statistiques - réponses
Poste Club Joueur % Correct
Gardien Tottenham Hotspur Lloris
99%
Attaquant Paris Saint-Germain Mbappé
96%
Attaquant AC Milan Giroud
93%
Gardien Stade Rennais Mandanda
93%
Gardien West Ham Areola
92%
Attaquant Atletico Madrid Griezmann
92%
Defenseur Bayern Munich Lucas Hernandez
92%
Milieu Real Madrid Tchouaméni
87%
Defenseur Bayern Munich Pavard
86%
Defenseur Bayern Munich Upamecano
85%
Attaquant FC Barcelone Dembelé
84%
Attaquant Eintracht Francfort Kolo Muani
83%
Milieu Real Madrid Camavinga
80%
Attaquant Bayern Munich Coman
80%
Defenseur FC Barcelone Koundé
80%
Attaquant Borussia Mönchengladbach Thuram
80%
Defenseur Manchester United Varane
80%
Milieu Juventus Turin Rabiot
79%
Defenseur Liverpool FC Konaté
77%
Milieu Olympique Marseille Guendouzi
70%
Defenseur AC Milan Théo Hernandez
70%
Milieu Olympique Marseille Veretout
70%
Defenseur Arsenal FC Saliba
67%
Milieu AS Monaco Fofana
65%
Defenseur AS Monaco Disasi
53%
Aucun quiz correspondant
Distribution des résultats
% des personnes avec chaque résultat
Percentile par nombre de réponses
Votre historique - résultats
Vous n’avez pas pris ce quiz